01013nam a22002657a 4500001000500000005001700005020001800022040002500040050001300065082001000078100001800088245005900106260003600165300005600201490003800257505000800295520017500303521002000478521002000498650003100518906004500549942001500594999001500609952012300624349220240313100633.0 a9780516274799 aDLCbengedcrmgcDLC00aE372.V46 a973.5 aVenezia, Mike00aJames MonroecWritten and illustrated by Mike Venezia  cNew York : aScholastic, b2004 a31 pages : bcolor illustrations ; maps ;c25 cm .  aGetting to Know the US Presidents aZ  aAn introduction to the life of James Monroe, an influential patriot during the American Revolution who became the nation's fifth president and was subsequently reelected. a970 bLexile  aZ bRaz-Plus  aJames MonroevNon-Fiction  a0bibccorignewduencipf20gy-printpho 2ddccBKn0 c3492d3492 00102ddc40708NFICa001b001cSNSd2024-03-13l0oVEN 973.5 E372.V46pFIS04717r2024-03-13 09:05:52w2024-03-13yBK